Estadísticas para Países por Pistas #1

Haz click aquí para intentar la prueba.

Estadísticas generales

  • Esta prueba ha sido intentada 2.121 veces
  • La puntuación promedio es 17 de 22

Estadísticas de respuestas

PistasPaís% Correcto
Tío Sam, Superpotencia, Coca-ColaEstados Unidos
98%
Café, Shakira, TejoColombia
96%
Ferrari, Toscana, GnocchiItalia
94%
Tequila, Chupacabra, TenochtitlanMéxico
94%
Cerveza, Bratwurst, BachAlemania
93%
Hoja de arce, Montada, AlceCanadá
93%
Manga, Shinto, TsunamiJapón
93%
Yogur, Acrópolis, SantoriniGrecia
91%
Gandhi, Ganges, CricketIndia
89%
Andes, Largo, TricontinentalChile
88%
Big Ben, Stonehenge,
David Beckham
Reino Unido
88%
Mar Caribe, Velocistas, ReggaeJamaica
87%
Esquí alpino, Mozart, caféAustria
84%
Fiordos, Petróleo,
Juegos Olímpicos de Invierno
Noruega
76%
Kiwis, Camino a Mordor, All BlacksNueva Zelanda
71%
Mesopotamia, Éufrates, Minoría kurdaIrak
66%
Springboks, Biltong, AfrikaansSudáfrica
64%
Gengis, Nómadas, EstepaMongolia
63%
Java, Suharto, KrakatoaIndonesia
57%
Canal, Balboa, NoriegaPanamá
53%
Dachas, Duma, Lago BaikalRusia
51%
Río Indo, Benazir Bhutto, K2Pakistán
48%

Distribución de puntuación

Porcentaje por número respondido

Porcentaje de gente con cada puntuación

Historial de tus puntuaciones

No has intentado esta prueba.